| 000 | 00000nam##2200000za#4500 |
| 001 | 9.602326 |
| 003 | CaOODSP |
| 005 | 20210624210521 |
| 007 | cr ||||||||||| |
| 008 | 150406|2009||||xxc|||||o f|0| 0 fre|d |
| 040 | |aCaOODSP|bfre |
| 043 | |an-cn--- |
| 086 | 1 |aNH18-24/61-2009F-PDF |
| 110 | 2 |aSociété canadienne d'hypothèques et de logement. |
| 245 | 10|aRénovation du sous-sol : |h[ressource électronique]|bobjectif d'habitabilité |
| 250 | |aRév. 2009 |
| 260 | |bSociété canadienne d'hypothèques et de logement |cc2005. |
| 300 | |a12p.|bfigures, tableau, photographies |
| 490 | 1 |aVotre maison|vCF61 |
| 590 | |a11-24-Supp|b2011-10-24 |
| 775 | 08|tRenovating your basement for livability |w(CaOODSP)9.571906 |
| 830 | #0|aVotre maison ;|vCF61|w(CaOODSP)9.501787 |
| 856 | 40|ahttp://publications.gc.ca|qPDF|s430 Ko|uhttps://publications.gc.ca/collections/collection_2011/schl-cmhc/nh18-24/NH18-24-61-2009-fra.pdf|yCF61 |